Impoverishment vs. reconstruction in development induced displacement: approache (Record no. 15261)
[ view plain ]
| 000 -LEADER | |
|---|---|
| fixed length control field | 00310nam a2200109Ia 4500 |
| 082 ## - DEWEY DECIMAL CLASSIFICATION NUMBER | |
| Classification number | 307.2 NAT- |
| 100 ## - MAIN ENTRY--AUTHOR NAME | |
| Personal name | Mishra, Sujit Kumar/s |
| 245 #0 - TITLE STATEMENT | |
| Title | Impoverishment vs. reconstruction in development induced displacement: approache |
| 300 ## - PHYSICAL DESCRIPTION | |
| Number of Pages | v.p. |
| 942 ## - ADDED ENTRY ELEMENTS (KOHA) | |
| Koha item type | Books |
| Withdrawn status | Lost status | Damaged status | Not for loan | Home library | Current library | Date acquired | Bill Date | Full call number | Accession Number | Price effective from | Koha item type |
|---|---|---|---|---|---|---|---|---|---|---|---|
| NASSDOC Library | NASSDOC Library | 27/07/2012 | 2012-07-13 | 307.2 NAT- | 47867 | 18/04/2019 | Books |
